Trainerstationen von Peter Neururer - Statistiken

Allgemein
  • Dieses Quiz wurde 42 mal gespielt
  • Das Durchschnittsergebnis liegt bei 9 aus 14
Antwortstatistiken
Zeitspanne Spiele Punkte pro Spiel Verein % Korrekt
12/13 bis 14/15 60 1,30 VFL Bochum
97%
01/02 bis 04/05 133 1,44 VFL Bochum
97%
88/89 bis 90/91 69 1,75 FC Schalke 04
89%
95/96 bis 97/98 60 1,38 1. FC Köln
78%
05/06 bis 06/07 26 1,00 Hannover 96
70%
94/95 20 1,40 Hannover 96
70%
90/91 12 0,17 Hertha BSC
68%
87/88 9 1,11 Rot-Weiss Essen
68%
08/09 bis 09/10 34 1,74 MSV Duisburg
65%
87/88 bis 88/89 47 1,79 Alemannia Aachen
62%
98/99 8 0,88 Fortuna Düsseldorf
62%
91/92 bis 92/93 66 1,26 1. FC Saarbrücken
35%
99/00 bis 00/01 27 1,22 Kickers Offenbach
30%
00/01 bis 01/02 43 1,70 LR Ahlen / Rot Weiss Ahlen
24%
Keine übereinstimmenden Quizze gefunden
Verteilung der Resultate
Anzahl Personen mit jedem Resultat
Perzentil nach korrekt beantworteten Fragen
Ihre Resultats-Entwicklung
Sie haben dieses Quiz noch nicht gespielt